00297nam a2200133Ia 45000030006000000080041000060400015000471000020000622450035000822600009001173000006001265460014001320050017001460STCL150530s9999 xx 000 0 und d aSTCLcSTCL aKrishna Warrior aSree Mahabharatham: Sabaparvam c1959 a0 aMalayalam20220125170741.0